[Event "MP 2012-2013"]
[Site "?"]
[Date "2012.11.27"]
[Round "4.7"]
[White "Szabó, Pavel"]
[Black "Chleviš�an, Jaromír"]
[Result "1-0"]
[WhiteElo "1720"]
[BlackElo "1636"]
[PlyCount "95"]
[EventDate "2012.11.14"]
[SourceDate "2012.11.28"]
[WhiteTeam "Slovan"]
[BlackTeam "VOKD"]

1. d4 d5 2. c4 c6 3. e3 Nf6 4. Nf3 e6 5. Bd3 Nbd7 6. O-O Be7 7. Nc3 O-O 8. b3
h6 9. h3 b6 10. e4 dxe4 11. Nxe4 Bb7 12. Bb2 Nxe4 13. Bxe4 Nf6 14. Bc2 c5 15.
dxc5 Qxd1 16. Bxd1 bxc5 17. Be2 Rfd8 18. Rfd1 Be4 19. Rac1 Ne8 20. Rxd8 Rxd8
21. Rd1 Rxd1+ 22. Bxd1 Bb1 23. a3 Bf6 24. Bxf6 Nxf6 25. Nd2 Bd3 26. f3 Kf8 27.
Kf2 Ke7 28. Ke3 Bg6 29. b4 Kd6 30. Nb3 Nd7 31. Be2 Bc2 32. Na5 Kc7 33. Kd2 Bg6
34. Kc3 Kb6 35. Nb3 f6 36. a4 cxb4+ 37. Kxb4 e5 38. c5+ Kb7 39. Na5+ Kc7 40.
Nc4 Kb7 41. Nd6+ Kb8 42. c6 Nb6 43. a5 Na8 44. Nb5 Bf5 45. Kc5 Bc2 46. Kd6 Ba4
47. c7+ Kb7 48. a6+ 1-0

[Event "MP 2012-2013"]
[Site "?"]
[Date "2012.11.27"]
[Round "4.8"]
[White "Bošòák, Ondrej"]
[Black "Dimov, Georgiev"]
[Result "0-1"]
[WhiteElo "1439"]
[BlackElo "1465"]
[PlyCount "72"]
[EventDate "2012.11.14"]
[SourceDate "2012.11.28"]
[WhiteTeam "Slovan"]
[BlackTeam "VOKD"]

1. e4 Nc6 2. Nf3 e5 3. Bb5 d6 4. h3 Bd7 5. c3 h6 6. O-O Nf6 7. Re1 a6 8. Ba4
Qc8 9. Nh2 h5 10. d4 Be7 11. Bg5 Qd8 12. Nd2 Nh7 13. Bxe7 Qxe7 14. Ndf3 Ng5 15.
d5 Nb8 16. Bxd7+ Nxd7 17. Qd2 f6 18. Nf1 Nc5 19. Qc2 Nxf3+ 20. gxf3 Qf7 21. Ne3
g5 22. Kf1 Qd7 23. Nf5 g4 24. hxg4 hxg4 25. fxg4 Rh3 26. Kg2 Rh8 27. Rh1 O-O-O
28. Rxh8 Rxh8 29. Kf3 Rh3+ 30. Ng3 Qh7 31. Rg1 Qh6 32. Kg2 Rh2+ 33. Kf1 Qf4 34.
b4 Nd3 35. Rg2 Rxg2 36. Kxg2 Ne1+ 0-1

[Event "MP 2012-2013"]
[Site "?"]
[Date "2012.12.11"]
[Round "5.1"]
[White "Cyroò, Karel"]
[Black "Jamka, Bøetislav"]
[Result "0-1"]
[WhiteElo "1808"]
[BlackElo "2002"]
[PlyCount "56"]
[EventDate "2012.11.14"]
[SourceDate "2012.12.12"]
[WhiteTeam "DP "A""]
[BlackTeam "Slovan"]

1. e4 c5 2. Nf3 d6 3. d4 cxd4 4. Nxd4 Nf6 5. Nc3 a6 6. Bc4 e6 7. Be3 Be7 8. Bb3
O-O 9. O-O Qc7 10. Kh1 Nc6 11. f4 Na5 12. Qe2 Nxb3 13. axb3 Bd7 14. f5 b5 15.
Bg1 b4 16. Na4 e5 17. Nf3 Bb5 18. Qe3 Bxf1 19. Rxf1 Qxc2 20. Re1 Ng4 21. Qe2
Qxe2 22. Rxe2 Rac8 23. h3 Nf6 24. Re1 Rc2 25. g4 h6 26. Nb6 Rxb2 27. Re3 Rc2
28. Ne1 Rc3 0-1

[Event "MP 2012-2013"]
[Site "?"]
[Date "2012.12.11"]
[Round "5.2"]
[White "Chliapas, Nikos"]
[Black "Depta, Tomáš"]
[Result "1-0"]
[WhiteElo "1940"]
[BlackElo "1912"]
[PlyCount "81"]
[EventDate "2012.11.14"]
[SourceDate "2012.12.12"]
[WhiteTeam "DP "A""]
[BlackTeam "Slovan"]

1. d4 f5 2. g3 Nf6 3. Bg2 g6 4. Nc3 Bg7 5. Nf3 O-O 6. O-O d6 7. Re1 c6 8. e4
fxe4 9. Nxe4 Nxe4 10. Rxe4 Bf5 11. Re1 Qc7 12. c3 e5 13. dxe5 dxe5 14. Qe2 Nd7
15. Ng5 Nb6 16. Be3 h6 17. Bxb6 axb6 18. Ne4 Rad8 19. Rad1 Kh7 20. Rxd8 Rxd8
21. Rd1 Qe7 22. Rxd8 Qxd8 23. Qd2 Qxd2 24. Nxd2 b5 25. Be4 Be6 26. b3 Bf6 27.
Kf1 Kg7 28. Ke2 Kf7 29. Kd3 g5 30. f3 Ke7 31. g4 Kd6 32. Bf5 Bd5 33. c4 bxc4+
34. bxc4 Bf7 35. Ne4+ Ke7 36. a4 b6 37. Nxf6 Kxf6 38. c5 bxc5 39. a5 c4+ 40.
Kc3 Bd5 41. Be4 1-0

[Event "MP 2012-2013"]
[Site "?"]
[Date "2012.12.11"]
[Round "5.3"]
[White "Skoèík, Marek"]
[Black "Halámka, Pavel"]
[Result "1-0"]
[WhiteElo "1772"]
[BlackElo "1742"]
[PlyCount "25"]
[EventDate "2012.11.14"]
[SourceDate "2012.12.12"]
[WhiteTeam "DP "A""]
[BlackTeam "Slovan"]

1. e4 e6 2. d4 d5 3. Nd2 Nf6 4. e5 Nfd7 5. Bd3 c5 6. c3 Be7 7. Qg4 O-O 8. Ndf3
Kh8 9. Qh5 f5 10. h4 g6 11. Qh6 Rf7 12. h5 Nf8 13. hxg6 1-0

[Event "MP 2012-2013"]
[Site "?"]
[Date "2012.12.11"]
[Round "5.4"]
[White "Šálek, Josef"]
[Black "Viliams, Aleš"]
[Result "1-0"]
[WhiteElo "1783"]
[BlackElo "1758"]
[PlyCount "47"]
[EventDate "2012.11.14"]
[SourceDate "2012.12.12"]
[WhiteTeam "DP "A""]
[BlackTeam "Slovan"]

1. d4 Nf6 2. c4 g6 3. Nc3 Bg7 4. e4 d6 5. Nf3 O-O 6. h3 Nbd7 7. Be3 e5 8. d5
Ne8 9. g4 c5 10. Bd3 Ndf6 11. Qd2 a6 12. Bg5 Bd7 13. a4 Nc7 14. Qe2 Qb8 15. O-O
Qc8 16. Nh2 h6 17. Bh4 Nh7 18. f3 f5 19. exf5 gxf5 20. Kh1 f4 21. Qe4 Nf6 22.
Bxf6 Rxf6 23. Qh7+ Kf7 24. Ne4 1-0

[Event "MP 2012-2013"]
[Site "?"]
[Date "2012.12.11"]
[Round "5.5"]
[White "Obertan, Milan"]
[Black "Bártek, Jaromír"]
[Result "0-1"]
[WhiteElo "1728"]
[BlackElo "1711"]
[PlyCount "80"]
[EventDate "2012.11.14"]
[SourceDate "2012.12.12"]
[WhiteTeam "DP "A""]
[BlackTeam "Slovan"]

1. e4 d6 2. Nf3 g6 3. d4 Bg7 4. c3 Nf6 5. Qd3 O-O 6. Bf4 Nc6 7. Be2 Nh5 8. Bg3
e5 9. d5 Ne7 10. O-O Nxg3 11. fxg3 f5 12. Nbd2 a6 13. Nh4 Bh6 14. exf5 gxf5 15.
c4 Qe8 16. Qc2 e4 17. Nb3 Ng6 18. Bh5 Rf6 19. Rae1 Qf8 20. Nd4 Nxh4 21. gxh4 e3
22. Be2 f4 23. Bd3 Qg7 24. Nf3 Bh3 25. Re2 Raf8 26. Kh1 Bf5 27. Bxf5 Rxf5 28.
Nd4 Qxd4 29. g4 Re5 30. g5 Bg7 31. Rf3 Qe4 32. Qxe4 Rxe4 33. b3 Rf5 34. Kg2 Bd4
35. Kh3 b5 36. Kg4 Rf7 37. h5 Kg7 38. h4 h6 39. g6 Rf8 40. Rh3 f3+ 0-1

[Event "MP 2012-2013"]
[Site "?"]
[Date "2012.12.11"]
[Round "5.6"]
[White "Mladìjovský, Miroslav"]
[Black "Lahola, Kvìtoslav"]
[Result "1/2-1/2"]
[WhiteElo "1718"]
[BlackElo "1652"]
[PlyCount "25"]
[EventDate "2012.11.14"]
[SourceDate "2012.12.12"]
[WhiteTeam "DP "A""]
[BlackTeam "Slovan"]

1. d4 d5 2. c4 e6 3. Nf3 Nf6 4. Nc3 c6 5. cxd5 exd5 6. Bg5 Be7 7. e3 h6 8. Bxf6
Bxf6 9. h3 Qb6 10. Rb1 Bf5 11. Bd3 Bxd3 12. Qxd3 O-O 13. O-O 1/2-1/2

[Event "MP 2012-2013"]
[Site "?"]
[Date "2012.12.11"]
[Round "5.7"]
[White "Glisník, Vladimír"]
[Black "Beneš, Jaroslav"]
[Result "0-1"]
[WhiteElo "1692"]
[BlackElo "1659"]
[PlyCount "56"]
[EventDate "2012.11.14"]
[SourceDate "2012.12.12"]
[WhiteTeam "DP "A""]
[BlackTeam "Slovan"]

1. e4 c5 2. c3 d5 3. e5 e6 4. g3 Ne7 5. d4 cxd4 6. cxd4 Nbc6 7. a3 Nf5 8. Nf3
Qb6 9. Nc3 Nfxd4 10. Na4 Nxf3+ 11. Qxf3 Qa5+ 12. Nc3 Bd7 13. Bd2 Qb6 14. b4 a6
15. Bd3 Qc7 16. Qf4 Ne7 17. O-O Nc6 18. Rfe1 Be7 19. Rac1 O-O 20. b5 axb5 21.
Nxb5 Qd8 22. a4 f6 23. exf6 Bxf6 24. Qg4 e5 25. Qh5 g6 26. Bxg6 hxg6 27. Qxg6+
Bg7 28. Bh6 Qf6 0-1

[Event "MP 2012-2013"]
[Site "?"]
[Date "2012.12.11"]
[Round "5.8"]
[White "Alexandr, Petr"]
[Black "Pirhala, Ladislav"]
[Result "1-0"]
[WhiteElo "1649"]
[BlackElo "1532"]
[PlyCount "87"]
[EventDate "2012.11.14"]
[SourceDate "2012.12.12"]
[WhiteTeam "DP "A""]
[BlackTeam "Slovan"]

1. b4 e5 2. Bb2 d6 3. e3 Be6 4. c4 Nd7 5. Qc2 Ngf6 6. Nc3 a6 7. Nf3 g6 8. Be2
Bg7 9. O-O Bf5 10. e4 Bg4 11. h3 Be6 12. d4 exd4 13. Nxd4 O-O 14. Nd5 c5 15.
Nxe6 fxe6 16. Nxf6+ Bxf6 17. Bxf6 Qxf6 18. b5 b6 19. Rad1 Qe5 20. Qd3 Nf6 21.
Qxd6 Qxd6 22. Rxd6 Nxe4 23. Rxb6 axb5 24. Bf3 Nd2 25. Bxa8 Nxf1 26. Kxf1 Rxa8
27. Rxb5 Rxa2 28. Rxc5 Ra7 29. Rc8+ Kf7 30. Ke2 Ke7 31. Ke3 Kf6 32. Kd4 Ra2 33.
Rf8+ Ke7 34. Rf3 Rd2+ 35. Kc3 Ra2 36. Kb3 Ra5 37. g4 h5 38. Rd3 hxg4 39. hxg4
e5 40. f3 Ra7 41. c5 Rd7 42. Rxd7+ Kxd7 43. Kc4 Kc6 44. g5 1-0

[Event "MP 2012-2013"]
[Site "?"]
[Date "2013.01.22"]
[Round "7.1"]
[White "Jamka, Bøetislav"]
[Black "Petrov, Bogoljub"]
[Result "1-0"]
[WhiteElo "2004"]
[BlackElo "1943"]
[PlyCount "53"]
[EventDate "2012.11.14"]
[SourceDate "2013.01.23"]
[WhiteTeam "Slovan"]
[BlackTeam "Odra"]

1. d4 d6 2. e4 g6 3. Nf3 Bg7 4. Bc4 Nf6 5. Nc3 O-O 6. Bg5 h6 7. Bh4 g5 8. Bg3
e6 9. Qd2 Nxe4 10. Nxe4 d5 11. Nexg5 hxg5 12. Bd3 f6 13. O-O-O Nc6 14. c3 Ne7
15. h4 g4 16. Nh2 f5 17. h5 Rf6 18. Bf4 c5 19. h6 Bh8 20. h7+ Kf7 21. dxc5 Qa5
22. Be5 Bd7 23. Bxf6 Bxf6 24. f3 gxf3 25. Nxf3 e5 26. Rh6 e4 27. Rxf6+ 1-0

[Event "MP 2012-2013"]
[Site "?"]
[Date "2013.01.22"]
[Round "7.3"]
[White "Halámka, Pavel"]
[Black "Tománek, Marek"]
[Result "1-0"]
[WhiteElo "1742"]
[BlackElo "1963"]
[PlyCount "65"]
[EventDate "2012.11.14"]
[SourceDate "2013.01.23"]
[WhiteTeam "Slovan"]
[BlackTeam "Odra"]

1. e4 c5 2. Nf3 Nc6 3. d4 cxd4 4. Nxd4 Qb6 5. Nb3 Nf6 6. Nc3 d6 7. Be3 Qd8 8.
Be2 g6 9. Qd2 Bg7 10. Bh6 O-O 11. Bxg7 Kxg7 12. h3 a6 13. Qe3 Be6 14. Rd1 b5
15. O-O Qc7 16. f4 Nb4 17. Rd2 Rfd8 18. g4 Rd7 19. g5 Nh5 20. Qd4+ Kg8 21. Bxh5
gxh5 22. Qxb4 Bc4 23. Nd5 Qa7+ 24. Rff2 Bxd5 25. exd5 Qe3 26. Qd4 Qg3+ 27. Rg2
Qxh3 28. Qe4 Rc8 29. Rd3 Qh4 30. Nd4 Rc4 31. b3 Rxd4 32. Rxd4 Rc7 33. f5 1-0

[Event "MP 2012-2013"]
[Site "?"]
[Date "2013.01.22"]
[Round "7.4"]
[White "Eliáš, Josef"]
[Black "Šálek, Josef"]
[Result "1-0"]
[WhiteElo "1785"]
[BlackElo "1783"]
[PlyCount "123"]
[EventDate "2012.11.14"]
[SourceDate "2013.01.24"]
[WhiteTeam "Slovan"]
[BlackTeam "Odra"]

1. e4 c6 2. d4 Qc7 3. Nf3 d6 4. Bf4 Bg4 5. Nbd2 Nd7 6. Be2 Ngf6 7. c3 Bxf3 8.
Bxf3 e5 9. Bg3 Be7 10. O-O O-O 11. Re1 Rfd8 12. Nc4 b5 13. Ne3 g6 14. Qc2 Rac8
15. Ng4 h5 16. Ne3 Kg7 17. h3 a6 18. Be2 Qb6 19. Rad1 Ne8 20. f4 Bf6 21. Qd2
Kh7 22. Kh1 Bg7 23. f5 Nef6 24. Rf1 g5 25. Bf2 Qc7 26. Bf3 Bf8 27. Qe2 Kh6 28.
Nc2 Be7 29. Be3 Rg8 30. h4 Nh7 31. Bxh5 Rg7 32. Bf3 Rh8 33. h5 Nhf6 34. g4 Qb7
35. Nb4 d5 36. exd5 cxd5 37. dxe5 Nxe5 38. Bxg5+ Rxg5 39. Qxe5 Re8 40. Nc2 Qc6
41. Ne3 Bd8 42. Qd4 Rxe3 43. Qxe3 Nxg4 44. Bxg4 d4+ 45. Qf3 Qf6 46. cxd4 Bb6
47. d5 Bd4 48. Rc1 Qd8 49. Rc6+ f6 50. Rxa6 Qg8 51. Rd1 Be5 52. Qe3 Bxb2 53.
Rd2 Bc1 54. Rxf6+ Kh7 55. Rg6 Rxg6 56. fxg6+ Kg7 57. Qe5+ Kh6 58. Qf4+ Kg7 59.
h6+ Kxg6 60. Qf5+ Kxh6 61. Qf6+ Kh7 62. Rh2+ 1-0

[Event "MP 2012-2013"]
[Site "?"]
[Date "2013.01.22"]
[Round "7.5"]
[White "Bártek, Jaromír"]
[Black "Balon, René"]
[Result "1/2-1/2"]
[WhiteElo "1711"]
[BlackElo "1770"]
[PlyCount "77"]
[EventDate "2012.11.14"]
[SourceDate "2013.01.23"]
[WhiteTeam "Slovan"]
[BlackTeam "Odra"]

1. e4 c6 2. d4 d5 3. e5 Bf5 4. Bd3 Bxd3 5. Qxd3 e6 6. a3 Qb6 7. Nf3 c5 8. c3
Nc6 9. b4 c4 10. Qc2 a5 11. Qb2 a4 12. Qe2 Nge7 13. O-O Ng6 14. g3 Be7 15. h4
O-O-O 16. Bg5 h6 17. Bxe7 Ngxe7 18. Nbd2 Na7 19. Rae1 Nb5 20. Nb1 Rdg8 21. Nh2
Nf5 22. Ng4 h5 23. Ne3 g5 24. Kh2 gxh4 25. Nxf5 exf5 26. Rg1 Rg4 27. e6 hxg3+
28. Rxg3 Re4 29. Qf1 Qxe6 30. Rxe4 Qxe4 31. f3 Qh4+ 32. Kg2 f4 33. Rh3 Qg5+ 34.
Kf2 Qf5 35. Rh1 Qc2+ 36. Qe2 Qxe2+ 37. Kxe2 h4 38. Rh3 Kd7 39. Kd1 1/2-1/2

[Event "MP 2012-2013"]
[Site "?"]
[Date "2013.01.22"]
[Round "7.6"]
[White "Kleèka, Ivo"]
[Black "Mladìjovský, Miroslav"]
[Result "1-0"]
[WhiteElo "1737"]
[BlackElo "1718"]
[PlyCount "71"]
[EventDate "2012.11.14"]
[SourceDate "2013.01.24"]
[WhiteTeam "Slovan"]
[BlackTeam "Odra"]

1. d4 d5 2. c4 e6 3. Nc3 Nf6 4. Nf3 c5 5. Bg5 h6 6. Bxf6 Qxf6 7. cxd5 cxd4 8.
Qxd4 Qxd4 9. Nxd4 a6 10. a3 Bc5 11. Nb3 Ba7 12. e4 O-O 13. Bc4 b5 14. Bd3 Bb7
15. Na5 Bc8 16. O-O Rd8 17. Rac1 Bb6 18. Nb3 Bb7 19. Rfd1 exd5 20. exd5 Nd7 21.
Be4 Nf6 22. Bf3 Rd6 23. Ne4 Nxe4 24. Bxe4 Kf8 25. Nc5 Bxc5 26. Rxc5 Rc8 27.
Rxc8+ Bxc8 28. b4 Bb7 29. Kf1 Ke7 30. Ke2 g6 31. Ke3 f5 32. Bf3 Kf6 33. Kd4 g5
34. Kc5 Ke7 35. Re1+ Kd7 36. Re6 1-0

[Event "MP 2012-2013"]
[Site "?"]
[Date "2013.01.22"]
[Round "7.7"]
[White "Alexandr, Petr"]
[Black "Randýsek, Jindøich"]
[Result "1/2-1/2"]
[WhiteElo "1949"]
[BlackElo "1659"]
[PlyCount "98"]
[EventDate "2012.11.14"]
[SourceDate "2013.01.24"]
[WhiteTeam "Slovan"]
[BlackTeam "Odra"]

1. b4 e5 2. Bb2 d6 3. e3 Be6 4. c4 Be7 5. Nc3 Nf6 6. Qc2 Nbd7 7. Nf3 a6 8. Be2
c6 9. a4 Qc7 10. O-O d5 11. Ng5 h6 12. Nxe6 fxe6 13. c5 O-O 14. d4 e4 15. f3
Rac8 16. fxe4 dxe4 17. Nxe4 Nd5 18. Qd2 N7f6 19. Nxf6+ Bxf6 20. Bf3 Bg5 21.
Bxd5 exd5 22. Rxf8+ Rxf8 23. Qd3 Re8 24. Re1 Re4 25. Bc1 Bf4 26. h3 Qe7 27. Bd2
Bb8 28. Rf1 Qg5 29. Rf3 Bg3 30. Qf1 Qg6 31. Rf8+ Kh7 32. Qf5 Qxf5 33. Rxf5 Kg8
34. Rf3 Bc7 35. Kf2 g5 36. g4 Kg7 37. Ke2 Re7 38. Kd3 b5 39. axb5 axb5 40. Rf1
Bb8 41. Bc3 Kg6 42. Re1 h5 43. e4 hxg4 44. hxg4 Rf7 45. exd5 cxd5 46. Re6+ Rf6
47. Rxf6+ Kxf6 48. Bd2 Bg3 49. Ke2 Bh2 1/2-1/2

[Event "MP 2012-2013"]
[Site "?"]
[Date "2013.01.22"]
[Round "7.8"]
[White "Maceèek, Pavel"]
[Black "Szabó, Pavel"]
[Result "1-0"]
[WhiteElo "1830"]
[BlackElo "1720"]
[PlyCount "97"]
[EventDate "2012.11.14"]
[SourceDate "2013.01.24"]
[WhiteTeam "Slovan"]
[BlackTeam "Odra"]

1. e4 c5 2. Nf3 Nc6 3. d4 cxd4 4. c3 dxc3 5. Nxc3 e6 6. Bc4 Be7 7. O-O d6 8.
Qe2 Nf6 9. Rd1 Nd7 10. Nb5 O-O 11. Nxd6 Bxd6 12. Rxd6 Qe7 13. Rd1 Nde5 14. Bf4
Nxf3+ 15. Qxf3 e5 16. Be3 Be6 17. Bb5 a6 18. Bd3 Rfd8 19. a3 Nd4 20. Qg3 f6 21.
Rac1 b5 22. f4 Bc4 23. Rxc4 bxc4 24. Bxc4+ Kh8 25. fxe5 Qxe5 26. Qg4 Nc2 27.
Bb6 Rd6 28. Bd5 Rxb6 29. Bxa8 Rb8 30. Rd7 f5 31. Qd1 Qc5+ 32. Kh1 g6 33. b4 Qc3
34. Rd8+ Rxd8 35. Qxd8+ Kg7 36. Qd7+ Kh6 37. h3 Nxa3 38. exf5 gxf5 39. Qe6+ Kg7
40. Qxf5 Qe1+ 41. Kh2 Qe7 42. Qg4+ Kh6 43. Qf4+ Kg7 44. Qg3+ Kh6 45. Qxa3 Qa7
46. Bf3 Qc7+ 47. g3 Qc4 48. Qe3+ Kg7 49. Qg5+ 1-0

[Event "MP 2012-2013"]
[Site "?"]
[Date "2013.02.05"]
[Round "8.1"]
[White "Straèánek, Vladimír"]
[Black "Jamka, Bøetislav"]
[Result "1-0"]
[WhiteElo "1954"]
[BlackElo "2004"]
[PlyCount "69"]
[EventDate "2012.11.14"]
[SourceDate "2013.02.05"]
[WhiteTeam "Slavoj"]
[BlackTeam "Slovan"]

1. e4 c5 2. c3 Nf6 3. e5 Nd5 4. a3 a5 5. Nf3 Nc6 6. d4 cxd4 7. cxd4 g6 8. Bc4
Nb6 9. Ba2 Bg7 10. Nc3 O-O 11. O-O d6 12. exd6 Qxd6 13. Nb5 Qb8 14. h3 Rd8 15.
Ng5 Bxd4 16. Bxf7+ Kg7 17. Nxd4 Rxd4 18. Qb3 Ra6 19. Be3 e5 20. Be8 Qc7 21.
Bxc6 bxc6 22. Bxd4 exd4 23. Rac1 Kh6 24. h4 c5 25. Qg8 Kh5 26. Nxh7 Bf5 27. g3
Ra8 28. Nf6+ Kh6 29. Qb3 Qc6 30. g4 Be6 31. Qd3 Rd8 32. Rfe1 Kg7 33. g5 c4 34.
Qe2 Bf7 35. Qe5 1-0

[Event "MP 2012-2013"]
[Site "?"]
[Date "2013.02.05"]
[Round "8.2"]
[White "Chliapas, Nikos"]
[Black "Straèánek, Jaroslav"]
[Result "1-0"]
[WhiteElo "1940"]
[BlackElo "1855"]
[PlyCount "78"]
[EventDate "2012.11.14"]
[SourceDate "2013.02.05"]
[WhiteTeam "Slavoj"]
[BlackTeam "Slovan"]

1. d4 d5 2. c4 e6 3. Nf3 Nf6 4. Nc3 Be7 5. e3 Ne4 6. Nxe4 dxe4 7. Nd2 f5 8. f3
exf3 9. Nxf3 O-O 10. Bd3 Bh4+ 11. Nxh4 Qxh4+ 12. g3 Qe7 13. a3 e5 14. O-O e4
15. Be2 c6 16. Bd2 Na6 17. b4 Rf7 18. Qb3 Nc7 19. d5 Qd6 20. Bc3 a6 21. Bd4
cxd5 22. cxd5 Qxd5 23. Bd1 Qd6 24. Qc2 b5 25. Kg2 Qg6 26. Be5 Ne8 27. a4 bxa4
28. Qxa4 Be6 29. Qc6 Rc8 30. Qxa6 Re7 31. Bd4 Nf6 32. Bc5 Ree8 33. Ba4 Ra8 34.
Bxe8 Rxe8 35. Kh1 Kh8 36. Qd6 Ng4 37. Bd4 Qh6 38. h4 Qg6 39. Ra7 Nf6 1-0

[Event "MP 2012-2013"]
[Site "?"]
[Date "2013.02.05"]
[Round "8.3"]
[White "Maòuch, Miroslav"]
[Black "Halámka, Pavel"]
[Result "1/2-1/2"]
[WhiteElo "1759"]
[BlackElo "1742"]
[PlyCount "46"]
[EventDate "2012.11.14"]
[SourceDate "2013.02.05"]
[WhiteTeam "Slavoj"]
[BlackTeam "Slovan"]

1. d4 d5 2. c4 e6 3. Nc3 Be7 4. Nf3 Nf6 5. Bg5 c6 6. e3 Nbd7 7. Bd3 O-O 8. cxd5
Nxd5 9. Bxe7 Qxe7 10. O-O N7f6 11. a3 Bd7 12. Rc1 Nxc3 13. Rxc3 Rac8 14. Ne5
Rfd8 15. Qf3 Nd5 16. Rc2 Qf6 17. Qh5 g6 18. Qe2 Qe7 19. Rfc1 f6 20. Nxd7 Rxd7
21. Bc4 Kg7 22. g3 e5 23. Bxd5 Rxd5 1/2-1/2

[Event "MP 2012-2013"]
[Site "?"]
[Date "2013.02.05"]
[Round "8.4"]
[White "Bártek, Jaromír"]
[Black "Lukáš, Dalibor"]
[Result "0-1"]
[WhiteElo "1711"]
[BlackElo "1783"]
[PlyCount "67"]
[EventDate "2012.11.14"]
[SourceDate "2013.02.05"]
[WhiteTeam "Slavoj"]
[BlackTeam "Slovan"]

1. e4 c5 2. Nf3 d6 3. d4 cxd4 4. Nxd4 Nf6 5. Nc3 e6 6. Bd3 Be7 7. f4 a6 8. h3
b5 9. a3 Qc7 10. Bd2 Bd7 11. g4 Nc6 12. Nxc6 Bxc6 13. g5 Nd7 14. Rf1 Nc5 15.
Qe2 h6 16. h4 Nxd3+ 17. Qxd3 O-O-O 18. f5 hxg5 19. hxg5 d5 20. exd5 Bxd5 21.
Nxd5 Rxd5 22. Qc3 Re5+ 23. Kd1 Qxc3 24. bxc3 Rxf5 25. Rg1 Bxg5 26. Bxg5 Rxg5
27. Rxg5 Rh1+ 28. Kd2 Rxa1 29. Rxg7 Rf1 30. Ke2 Rf4 31. Ke3 e5 32. Rg3 f5 33.
Rf3 Rxf3+ 34. Kxf3 0-1

[Event "MP 2012-2013"]
[Site "?"]
[Date "2013.02.05"]
[Round "8.5"]
[White "Strmiska, Václav"]
[Black "Mladìjovský, Miroslav"]
[Result "1-0"]
[WhiteElo "1741"]
[BlackElo "1718"]
[PlyCount "105"]
[EventDate "2012.11.14"]
[SourceDate "2013.02.06"]
[WhiteTeam "Slavoj"]
[BlackTeam "Slovan"]

1. e4 e5 2. Nf3 Nc6 3. d4 exd4 4. Bc4 h6 5. O-O Bc5 6. Bd5 d6 7. Bxc6+ bxc6 8.
Nxd4 Qf6 9. c3 Ne7 10. Be3 O-O 11. Nd2 Ba6 12. Re1 Bb6 13. Qc2 c5 14. N4f3 Ng6
15. c4 Ne5 16. Nxe5 dxe5 17. a4 c6 18. a5 Bc7 19. Bxc5 Bd6 20. Bxd6 Qxd6 21.
Red1 Qc5 22. Qc3 Qd4 23. Qxd4 exd4 24. b3 c5 25. Rab1 Rab8 26. e5 Rfe8 27. f4
f5 28. Nf3 Re6 29. h3 Rb4 30. g4 Bb7 31. Kf2 Be4 32. Rb2 g6 33. Re1 Bxf3 34.
Kxf3 Kf7 35. Ke2 Ra6 36. Ra1 Re6 37. Kd3 Ra6 38. Kc2 Re6 39. Ra4 Rb8 40. b4 Rc6
41. Kd3 Ke6 42. b5 Rcc8 43. b6 a6 44. b7 Rc6 45. Ra3 Kd7 46. Rab3 Kc7 47. gxf5
gxf5 48. Rg2 Re6 49. Rg7+ Kd8 50. Rg8+ Kc7 51. Rxb8 Kxb8 52. Rb6 Rxb6 53. axb6
1-0

[Event "MP 2012-2013"]
[Site "?"]
[Date "2013.02.05"]
[Round "8.6"]
[White "Alexandr, Petr"]
[Black "Malina, Roman"]
[Result "1/2-1/2"]
[WhiteElo "1649"]
[BlackElo "1618"]
[PlyCount "37"]
[EventDate "2012.11.14"]
[SourceDate "2013.02.06"]
[WhiteTeam "Slavoj"]
[BlackTeam "Slovan"]

1. b4 e5 2. Bb2 Bxb4 3. Bxe5 Nf6 4. Nf3 Nc6 5. Bb2 d6 6. e3 Bf5 7. Be2 h6 8. a3
Ba5 9. O-O O-O 10. c4 d5 11. d4 Ne7 12. Bc3 Bxc3 13. Nxc3 c6 14. Ne5 Nd7 15.
Nxd7 Qxd7 16. c5 Qe6 17. Bd3 Bg4 18. Qb3 Rab8 19. Qb4 1/2-1/2

[Event "MP 2012-2013"]
[Site "?"]
[Date "2013.02.05"]
[Round "8.7"]
[White "Návrat, Vladimír"]
[Black "Štefan, Aleš"]
[Result "0-1"]
[WhiteElo "1665"]
[BlackElo "1678"]
[PlyCount "36"]
[EventDate "2012.11.14"]
[SourceDate "2013.02.06"]
[WhiteTeam "Slavoj"]
[BlackTeam "Slovan"]

1. e4 e5 2. Nf3 Nc6 3. Bc4 Nf6 4. Ng5 d5 5. exd5 Nxd5 6. Nxf7 Kxf7 7. Qf3+ Qf6
8. Bxd5+ Be6 9. Bxc6 bxc6 10. Qxf6+ gxf6 11. Nc3 Bb4 12. Ne4 Rhg8 13. a3 Be7
14. Rg1 f5 15. Nc3 Bd6 16. d3 f4 17. f3 Bc5 18. Rf1 Rxg2 0-1

[Event "MP 2012-2013"]
[Site "?"]
[Date "2013.02.05"]
[Round "8.8"]
[White "Hurta, Jan"]
[Black "Tyleèek, Svatopluk"]
[Result "1-0"]
[WhiteElo "1604"]
[BlackElo "1564"]
[PlyCount "129"]
[EventDate "2012.11.14"]
[SourceDate "2013.02.07"]
[WhiteTeam "Slavoj"]
[BlackTeam "Slovan"]

1. e4 e5 2. Nf3 Nc6 3. d4 exd4 4. Nxd4 Qh4 5. Nxc6 Qxe4+ 6. Qe2 Qxe2+ 7. Bxe2
dxc6 8. O-O Bf5 9. c3 O-O-O 10. Be3 a5 11. Nd2 f6 12. Nb3 b6 13. Nd4 Bd7 14.
Rad1 c5 15. Ba6+ Kb8 16. Nc6+ Bxc6 17. Rxd8+ Ka7 18. Rxf8 Kxa6 19. Rf7 Bd5 20.
Rxg7 Bxa2 21. Rxc7 Bb3 22. Rc6 Kb5 23. Rc8 h5 24. Re1 Rh7 25. Bf4 Rd7 26. g3
Ne7 27. Rc7 Rxc7 28. Bxc7 Nd5 29. Bd8 a4 30. Ra1 Kc4 31. Kg2 b5 32. Kh3 Kd3 33.
Kh4 Kc2 34. Kxh5 Kxb2 35. Re1 a3 36. Kg6 Nxc3 37. Bxf6 b4 38. h4 a2 39. h5 a1=Q
40. Rxa1 Kxa1 41. f4 Bc2+ 42. f5 Ka2 43. h6 Ne4 44. h7 Nxf6 45. h8=Q Ne4 46.
Qg8+ Ka1 47. Qa8+ Kb1 48. g4 b3 49. Kg7 b2 50. f6 Kc1 51. f7 b1=Q 52. f8=Q Qb2+
53. Kh6 Qb6+ 54. Kh5 Qe6 55. Qa1+ Kd2 56. Qf4+ Kd3 57. Qa3+ Kc4 58. Qa2+ Bb3
59. Qe2+ Kd4 60. Qee3+ Kc4 61. Qfxe4+ Qxe4 62. Qxe4+ Kc3 63. Qb1 c4 64. Qc1+
Kb4 65. g5 1-0

[Event "MP 2012-2013"]
[Site "?"]
[Date "2013.02.19"]
[Round "9.1"]
[White "Jamka, Bøetislav"]
[Black "Votýpka, Miroslav"]
[Result "1/2-1/2"]
[WhiteElo "2004"]
[BlackElo "1910"]
[PlyCount "55"]
[EventDate "2012.11.14"]
[SourceDate "2013.02.19"]
[WhiteTeam "Slovan"]
[BlackTeam "Mar.Hory "]

1. d4 e6 2. c4 d5 3. Nf3 Be7 4. g3 h6 5. Bg2 Nf6 6. O-O O-O 7. Nc3 c6 8. Ne5
Nbd7 9. f4 dxc4 10. Nxc4 c5 11. e3 cxd4 12. exd4 Nb6 13. Ne5 Rb8 14. Be3 Nfd5
15. Bf2 a6 16. Rc1 Bd7 17. Be4 Be8 18. f5 Bg5 19. fxe6 fxe6 20. Qg4 Qd6 21.
Bxd5 exd5 22. Rcd1 Nd7 23. h4 Bf6 24. Ng6 Bxg6 25. Qxg6 Rbe8 26. Rde1 Rxe1 27.
Rxe1 Nb6 28. Kg2 1/2-1/2

[Event "MP 2012-2013"]
[Site "?"]
[Date "2013.02.19"]
[Round "9.2"]
[White "Heriè, Milan"]
[Black "Chliapas, Nikos"]
[Result "0-1"]
[WhiteElo "1744"]
[BlackElo "1940"]
[PlyCount "74"]
[EventDate "2012.11.14"]
[SourceDate "2013.02.19"]
[WhiteTeam "Slovan"]
[BlackTeam "Mar. Hory "]

1. d4 Nf6 2. c4 e6 3. Nc3 d5 4. a3 Be7 5. e3 O-O 6. Nf3 c5 7. cxd5 exd5 8. Bd3
Nc6 9. dxc5 Bxc5 10. Bb1 Bg4 11. O-O Ne5 12. Ba2 Nxf3+ 13. gxf3 Be6 14. Re1 d4
15. Na4 Qd6 16. Nxc5 Qxc5 17. exd4 Qh5 18. Re5 Bf5 19. Be3 Rae8 20. Kh1 Rxe5
21. dxe5 Ng4 22. Qg1 Nxe3 23. Qg3 Nc2 24. Rg1 Qh6 25. Rd1 Rc8 26. Bd5 b5 27.
Bb7 Rf8 28. f4 Qb6 29. Bf3 Rd8 30. Rg1 g6 31. h4 Nd4 32. Bd1 Ne6 33. h5 Qd4 34.
hxg6 hxg6 35. Qh4 Qe4+ 36. f3 Qxf4 37. Qf6 Rxd1 0-1